O vládnych stratégiach k Rómom na medzinárodnej úrovni so splnomocnenkyňou vlády SR Klárou Orgonánovou o konferencii v Španielsku

Bibliographic Details
Main Authors: Hivešová-Šilanová, Daniela, 1952-2008 (ain), Orgovánová, Klára, 1956- (Author, uin)
Format: Article
Language:Slovak
Subjects:

MARC

LEADER 00000nab a2200000 a 4500
001 vtls000876170
003 SK-MaSNL
005 20260302161915.0
008 180206c2003 xo 0 slo
015 |a SNBRB2004/06-19472 
035 |a CLN000227722 
040 |a SNKBUCL  |b slo  |c SNKBUCL  |e AACR2 
041 0 |a slo 
044 |a xo  |c SK 
080 |a 323.15(=214.58)(4):061.3  |2 UDC-MRF-SK2 
100 1 |a Hivešová-Šilanová, Daniela,  |d 1952-2008  |4 ain  |9 106474 
245 1 0 |a O vládnych stratégiach k Rómom na medzinárodnej úrovni  |b so splnomocnenkyňou vlády SR Klárou Orgonánovou o konferencii v Španielsku  |c Daniela Hivešová-Šilanová 
650 0 7 |a Rómovia  |z Európa  |x konferencie  |2 snkbucl  |9 860638 
650 0 7 |a romiká  |2 snkbucl  |9 72855 
655 7 |a články z novín a časopisov  |2 snkbucl  |9 267496 
700 1 |a Orgovánová, Klára,  |d 1956-  |4 aut  |4 uin  |9 21208 
773 0 |t Romano ľil nevo  |g Roč. 13, č. 591-593 (2003), s. 5 
850 |a Slovenská národná knižnica v Martine 
852 |a SNK  |b KIS3GCP 
958 |a RBX 
999 |c 1378621  |d 1380551